000 00285nam a22001097a 4500
008 260422b |||||||| |||| 00| 0 eng d
100 _aMadhava, Harshadeva
245 _aRamayana Vishvachetana 02
260 _aDelhi
_bNew Bharatiya Book Corporation
_c2020
300 _a135p
942 _2ddc
999 _c1267
_d1267